00402pab a2200121 454500008004000000100002200040245012600062260000900188300001500197362000800212650001800220773004200238180718b2012 xxu||||| |||| 00| 0 eng d aCheng, Hsiang-Lin aEffect of organizational politics on nondominant firms: From interorganizational learning to intraorganizational learning c2012 ap.463-494. aDec aOrganizations aJournal of Applied Behavioral Science